Democracia y derechos humanos en el mundo árabe / (Record no. 187454)
[ view plain ]
| 000 -LEADER | |
|---|---|
| campo de control de longitud fija | 01238nam a2200289 i 4500 |
| 001 - NÚMERO DE CONTROL | |
| campo de control | 187454 |
| 003 - IDENTIFICADOR DE NÚMERO DE CONTROL | |
| campo de control | SpMaBN |
| 005 - FECHA Y HORA DE LA ÚLTIMA TRANSACCIÓN | |
| campo de control | 20230906222929.0 |
| 008 - DATOS DE LONGITUD FIJA--INFORMACIÓN GENERAL | |
| campo de control de longitud fija | 170705s1993 sp |||| | spa d |
| 020 ## - NÚMERO INTERNACIONAL ESTÁNDAR DEL LIBRO | |
| Número Internacional Estándar del Libro | 84-7252-924-X |
| 080 ## - NÚMERO DE LA CLASIFICACIÓN DECIMAL UNIVERSAL | |
| Número de la Clasificación Decimal Universal | 342.7(5/6=927) |
| 245 00 - MENCIÓN DEL TÍTULO | |
| Título | Democracia y derechos humanos en el mundo árabe / |
| Mención de responsabilidad, etc. | bajo la dirección de Gema Martín Muñoz ; [prólogo, Antonio Remiro Brotóns]. |
| 260 ## - PUBLICACIÓN, DISTRIBUCIÓN, ETC. | |
| Lugar de publicación, distribución, etc. | Madrid : |
| Nombre del editor, distribuidor, etc. | Agencia Española de Cooperación Internacional : |
| -- | Instituto de Cooperación con el Mundo Árabe, |
| Fecha de publicación, distribución, etc. | 1993. |
| 300 ## - DESCRIPCIÓN FÍSICA | |
| Extensión | 367 p. ; |
| Dimensiones | 24 cm. |
| 490 1# - MENCIÓN DE SERIE | |
| Mención de serie | Política árabe contemporánea ; |
| Designación de volumen o secuencia | 4 |
| 500 ## - NOTA GENERAL | |
| Nota general | Apéndice documental / preparado y traducido por Mª Ángeles López Plaza y Almudena Ruiz Ibáñez. |
| 504 ## - NOTA DE BIBLIOGRAFÍA, ETC. | |
| Nota de bibliografía, etc. | Bibliografía: p. 287-294. |
| 546 ## - NOTA DE IDIOMA | |
| Nota de lengua/lenguaje | Textos en español y francés. |
| 650 #7 - PUNTO DE ACCESO ADICIONAL DE MATERIA--TÉRMINO DE MATERIA | |
| Término de materia o nombre geográfico como elemento de entrada | Derechos humanos- |
| Subdivisión geográfica | Países árabes. |
| 9 (RLIN) | 163365 |
| 700 1# - ENTRADA AGREGADA--NOMBRE PERSONAL | |
| Nombre de persona | Martín Muñoz, Gema. |
| 9 (RLIN) | 77583 |
| 700 1# - ENTRADA AGREGADA--NOMBRE PERSONAL | |
| Nombre de persona | Remiro Brotóns, Antonio. |
| 9 (RLIN) | 96134 |
| 710 2# - ENTRADA AGREGADA--NOMBRE DE ENTIDAD CORPORATIVA | |
| Nombre de entidad corporativa o nombre de jurisdicción como elemento de entrada | Agencia Española de Cooperación Internacional. |
| 9 (RLIN) | 1266 |
| 710 2# - ENTRADA AGREGADA--NOMBRE DE ENTIDAD CORPORATIVA | |
| Nombre de entidad corporativa o nombre de jurisdicción como elemento de entrada | Instituto de Cooperación con el Mundo Árabe. |
| 9 (RLIN) | 163366 |
| 830 1# - PUNTO DE ACCESO ADICIONAL DE SERIE-TÍTULO UNIFORME | |
| Título uniforme | Política árabe contemporánea ; |
| Designación de volumen o secuencia | 4 |
| 9 (RLIN) | 225563 |
| 852 ## - LOCALIZACIÓN | |
| Ubicación | ES-MaACL |
| Número de control de estantería | L-31777 |
| Estatus retirado | Estado de pérdida | Estado de daño | No para préstamo | Biblioteca de origen | Biblioteca actual | Ubicación en estantería | Fecha de adquisición | Fuente de adquisición | Total de préstamos | Signatura topográfica completa | Código de barras | Visto por última vez | Precio de reemplazo | Tipo de ítem Koha |
|---|---|---|---|---|---|---|---|---|---|---|---|---|---|---|
| Biblioteca del Ateneo de Madrid | Biblioteca del Ateneo de Madrid | Depósito 2 | 05/07/2017 | L-31777 | 1197880 | 23/02/2023 | 23/02/2023 | Libro impreso |
